UBT Library

Teaching the language arts : (Record no. 43735)

000 -LEADER
fixed length control field 00877cam a2200229 a 4500
001 - CONTROL NUMBER
control field 12105914
005 - DATE AND TIME OF LATEST TRANSACTION
control field 20180228092452.0
008 - FIXED-LENGTH DATA ELEMENTS--GENERAL INFORMATION
fixed length control field 000714s2001 maua b 001 0 eng
010 ## - LIBRARY OF CONGRESS CONTROL NUMBER
LC control number 00059417
020 ## - INTERNATIONAL STANDARD BOOK NUMBER
International Standard Book Number 0205309240 (alk. paper)
040 ## - CATALOGING SOURCE
Original cataloging agency DLC
Transcribing agency DLC
Modifying agency DLC
041 ## - LANGUAGE CODE
Language code of text/sound track or separate title eng
080 ## - UNIVERSAL DECIMAL CLASSIFICATION NUMBER
Universal Decimal Classification number 428/.0071 COL
082 00 - DEWEY DECIMAL CLASSIFICATION NUMBER
Classification number 428/.0071 COL
Edition number 21
100 1# - Rafti
Rafti 42
101 ## - Shkurtesa
Shkurtesa ART
245 10 - TITLE STATEMENT
Title Teaching the language arts :
Statement of responsibility, etc Cathy Collins Block.
504 ## - BIBLIOGRAPHY, ETC. NOTE
Bibliography, etc Includes bibliographical references (p. 643-661) and indexes.
906 ## - LOCAL DATA ELEMENT F, LDF (RLIN)
a 7
b cbc
c orignew
d 1
e ocip
f 20
g y-gencatlg
942 ## - ADDED ENTRY ELEMENTS (KOHA)
Source of classification or shelving scheme
Item type Books
Holdings
Withdrawn status Lost status Source of classification or shelving scheme Damaged status Not for loan Collection code Permanent location Current location Shelving location Date acquired Total Checkouts Full call number Barcode Date last seen Price effective from Koha item type
          Koleksioni i përgjithshem UBT - Lipjan UBT - Lipjan Koleksioni i përgjithshem 02/28/2018   428/.0071 COL 002-3000340 02/28/2018 02/28/2018 Books
UBT Library © 2015-2024. All rights reserved University Education for Business and Technology